A World History (Record no. 26610)
[ view plain ]
| 000 -LEADER | |
|---|---|
| fixed length control field | 00519nam a2200217Ia 4500 |
| 003 - CONTROL NUMBER IDENTIFIER | |
| control field | 0100 |
| 008 - FIXED-LENGTH DATA ELEMENTS--GENERAL INFORMATION | |
| fixed length control field | 130303s9999 xx 000 0 und d |
| 040 ## - CATALOGING SOURCE | |
| Transcribing agency | ARRUPELIB |
| 050 ## - LIBRARY OF CONGRESS CALL NUMBER | |
| Classification number | D21.M321980 |
| 100 ## - MAIN ENTRY--PERSONAL NAME | |
| Personal name | McNeill, William H |
| 245 #2 - TITLE STATEMENT | |
| Title | A World History |
| 250 ## - EDITION STATEMENT | |
| Edition statement | third edition |
| 260 ## - PUBLICATION, DISTRIBUTION, ETC. (IMPRINT) | |
| Place of publication, distribution, etc | NY |
| 260 ## - PUBLICATION, DISTRIBUTION, ETC. (IMPRINT) | |
| Name of publisher, distributor, etc | Oxford UP |
| 260 ## - PUBLICATION, DISTRIBUTION, ETC. (IMPRINT) | |
| -- | 1980 |
| 300 ## - PHYSICAL DESCRIPTION | |
| Extent | 558p |
| 650 ## - SUBJECT ADDED ENTRY--TOPICAL TERM | |
| Topical term following geographic name as entry element | Zimbabwe--History |
| 650 ## - SUBJECT ADDED ENTRY--TOPICAL TERM | |
| Location of event | Zimbabwe African National Union |
| 650 ## - SUBJECT ADDED ENTRY--TOPICAL TERM | |
| Active dates | National liberation movements--Zimbabwe |
| 942 00 - ADDED ENTRY ELEMENTS (KOHA) | |
| Koha issues (borrowed), all copies | 4 |
| Withdrawn status | Lost status | Source of classification or shelving scheme | Damaged status | Not for loan | Collection code | Home library | Current library | Shelving location | Date acquired | Total Checkouts | Full call number | Barcode | Date last seen | Date checked out | Copy number | Price effective from | Koha item type |
|---|---|---|---|---|---|---|---|---|---|---|---|---|---|---|---|---|---|
| Library of Congress Classification | Main Collection | ARRUPE LIBRARY | ARRUPE LIBRARY | 04/03/2013 | 5 | D21.M321980 | 46003030867 | 18/02/2020 | 14/02/2020 | 1 | 04/03/2013 | Monograph ( Printed materials) |